000
00237nam a2200097Ia 4500
001
652414
005
20250826154438.0
008
250824s9999 xx 000 0 und d
245
0
_a
KATIRASLAN
_c
CAHİT ZARİFOĞLU
260
_b
BEYAN YAYINLARI
999
_c
652414
_d
652414